Biochemical composition of the soft bark tissues of high and low yielding clones of Hevea brasiliensis (Record no. 74401)

MARC details
000 -LEADER
fixed length control field 00450nam a2200133Ia 4500
100 ## - MAIN ENTRY--AUTHOR NAME
Personal name Anoop, P.C.
245 #0 - TITLE STATEMENT
Title Biochemical composition of the soft bark tissues of high and low yielding clones of Hevea brasiliensis
260 ## - PUBLICATION, DISTRIBUTION, ETC. (IMPRINT)
Name of publisher Bharathidasan College of Arts and Science
Place of publication Erode
Year of publication 2004
500 ## - GENERAL NOTE
General note Available in Physiology
500 ## - GENERAL NOTE
General note Course: M.Sc.
700 ## - ADDED ENTRY--PERSONAL NAME
Personal name Dr R Krishnakumar
942 ## - ADDED ENTRY ELEMENTS (KOHA)
Koha item type Theses
Holdings
Withdrawn status Lost status Damaged status Not for loan Collection code Home library Current library Shelving location Date acquired Koha item type
      Theses Dissertation RRII Library RRII Library Biochemistry 31/12/2021 Theses